Educación afectiva y sexual 3: (Registro nro. 10102)

Detalles MARC
000 -LIDER
fixed length control field 01180nam a22003017a 4500
001 - NÚMERO DE CONTROL
Identificador de número de control 002356
003 - IDENTIFICACDOR DE NÚMERO DE CONTROL
control field DO-SdBNP
005 - DATE AND TIME OF LATEST TRANSACTION
control field 20180312113751.0
007 - CAMPOS FIJOS DE DESCRIPCIÓN FÍSICA
fixed length control field 002356
008 - ELEMENTOS DE LONGITUD FIJA
fixed length control field 160511b 2014 dr ||||| |||| 00| 0 spa d
020 ## - ISBN
International Standard Book Number 9789945118698
040 ## - FUENTE DE CATALOGACIÓN
Agencia que crea de manera original el registro BPMSU
Idioma de catalogación spa
Agencia que realiza la transcripción BPMSU
082 04 - NÚMERO DE CLASIFICACIÓN DECIMAL DE DEWEY
Classification number 372.372
Item number S456e 3ro 2014
245 ## - MENCIÓN DE TITULO
Título Educación afectiva y sexual 3:
Subtítulo educación primaria /
Medio (Designación general de material) Ángela Segura ... [et. al.]; derección editorial Claudia Llibre ; ilustración Ruddy Núñez ... [et. al.]
260 ## - PUBLICACIÓN, DISTRIBUCIÓN, ETC. (PIE DE IMPRENTA)
Lugar de publicación, distribución, etc Santo Domingo :
Nombre del editor, distribuidor, etc. Santillana,
Fecha de publicación, distribución, etc 2014
300 ## - DESCRIPCIÓN FÍSICA
Extensión 63 p. :
Otros detalles físicos il. ;
Dimensiones 29 cm.
490 ## - MENCIÓN DE SERIES
Mención de serie Todos juntos
500 ## - NOTA GENERAL
Nota general Este libro ha sido realizado de conformidad con el curriculum vigente y ha sido sometido a la aprobación del MINERD
505 ## - NOTA DE CONTENIDO
Título El valor del cuerpo --
-- La reproducción humana --
-- Crecemos y cambiamos --
-- Mi familia y mis amigos --
700 1# - ASIENTO SECUNDARIO -- NOMBRE PERSONAL
Nombre personal Segura, Ángela
Mención de responsabilidad ed.
700 1# - ASIENTO SECUNDARIO -- NOMBRE PERSONAL
Nombre personal Núñez, Ruddy
Mención de responsabilidad il.
700 1# - ASIENTO SECUNDARIO -- NOMBRE PERSONAL
Nombre personal Llibre,Claudia
Mención de responsabilidad ed.
830 ## - ASIENTO SECUNDARIO DE SERIE--TÍTULO UNIFORME
Título uniforme Todos juntos
910 ## - VALIDACIÓN
Validación Validado. Control de calidad MFF
942 ## - ADDED ENTRY ELEMENTS (KOHA)
Source of classification or shelving scheme Dewey Decimal Classification
Koha item type Libros
945 ## - INFORMACIÓN DE PROCESAMIENTO LOCAL
Información de procesamiento local Remanejada para la BNPHU 2018 / BT
956 ## - LOCAL ELECTRONIC LOCATION AND ACCESS (OCLC)
Método de acceso VMATEO
Materiales especificados 10
Enlace 20160511
Campo enlazado y núm. de secuencia BPMSU
Nombre de host 0069
Existencias
Withdrawn status Lost status Source of classification or shelving scheme Damaged status Not for loan Collection code Home library Current library Date acquired Source of acquisition Total Checkouts Full call number Barcode Date last seen Price effective from Koha item type
    Dewey Decimal Classification     Colección Escolar Biblioteca Pública Metropolitana Salomé Ureña Biblioteca Pública Metropolitana Salomé Ureña 05/11/2016 Donación   372.372 S456e 3ro 2014 BPMSU16050268 05/11/2016 05/11/2016 Libros